| 000 | 01769cam a2200349 a 4500 | ||
|---|---|---|---|
| 003 | EG-GiCUC | ||
| 005 | 20250223030901.0 | ||
| 008 | 131103s2013 ua dh f m 000 0 eng d | ||
| 040 |
_aEG-GiCUC _beng _cEG-GiCUC |
||
| 041 | 0 | _aeng | |
| 049 | _aDeposite | ||
| 097 | _aM.Sc | ||
| 099 | _aCai01.11.13.M.Sc.2013.Ta.A | ||
| 100 | 0 | _aTarik Babikir Abdalla Asakir | |
| 245 | 1 | 0 |
_aAssessment of permanent infirmity of eye injuries through 2011 : _bRetrospective study / _cTarik Babikir Abdalla Asakir ; Supervised Mervat Hamdy Abdalsalam , Khaled Abdelfattah Bayoumi , Magda Helal Elkaradawy |
| 246 | 1 | 5 |
_aتقدير نسبة العاهة المستديمة لإصابات العين خلال عام 2011 : _bدراسة بأثر رجعى |
| 260 |
_aCairo : _bTarik Babikir Abdalla Asakir , _c2013 |
||
| 300 |
_a96 P. : _bcharts , facsimiles ; _c25cm |
||
| 502 | _aThesis (M.Sc.) - Cairo University - Faculty of Medicine - Department of Forensic Medicine Toxicology | ||
| 520 | _aOcular injuries are usually resulting in visual impairment and possibly total blindness with permanent infirmity as a final outcome. Retrospective study was performed on eye injured cases presented to the Medico - legal administration from 1{u036D}{u036D}{u036D} {u036A} January 2011 to 31ecember 2011. Male gender was the majority in eye injured cases with percentage (95%) | ||
| 530 | _aIssued also as CD | ||
| 653 | 4 | _aEye injury | |
| 653 | 4 | _aInfirmity | |
| 653 | 4 | _aTrauma | |
| 700 | 0 |
_aKhaled Abdelfattah Bayoumi , _eSupervisor |
|
| 700 | 0 |
_aMagda Helal Elkaradawy , _eSupervisor |
|
| 700 | 0 |
_aMervat Hamdy Abdalsalam , _eSupervisor |
|
| 856 | _uhttp://172.23.153.220/th.pdf | ||
| 905 |
_aNazla _eRevisor |
||
| 905 |
_aSoheir _eCataloger |
||
| 942 |
_2ddc _cTH |
||
| 999 |
_c43972 _d43972 |
||